Statistics for Soviet & Russian Leaders since 1917

Click here to take the quiz!

General Stats

  • This quiz has been taken 406 times
  • The average score is 9 of 14

Answer Stats

HintAnswer% Correct
1917-1924Vladimir Lenin
99%
1924-1953Joseph Stalin
97%
1999-2008Vladimir Putin
95%
2012-PresentVladimir Putin
95%
1985-1991Mikhail Gorbachev
83%
1953-1964Nikita Khrushchev
71%
1991-1999Boris Yeltsin
70%
1964-1982Leonid Brezhnev
66%
2008-2012Dmitry Medvedev
56%
1982-1984Yuri Andropov
49%
1984-1985Konstantin Chernenko
34%
1953Georgy Malenkov
30%
1917Alexander Kerensky
23%
1917Georgy Lvov
11%

Score Distribution

Percentile by Number Answered

Percent of People with Each Score

Your Score History

You have not taken this quiz